[Event "Open A"]
[Site "Polanica-Zdroj"]
[Date "2017.08.20"]
[Round "2.10"]
[White "Bilczewski, Kacper"]
[Black "Kusa, Jakub"]
[Result "1-0"]
[BlackElo "2024"]
[WhiteElo "2191"]
[LiveChessVersion "1.4.8"]

1. e4 {[%clk 1:30:58]} e5 {[%clk 1:30:44]} 2. Nf3 {[%clk 1:29:20]} Nc6
{[%clk 1:31:03]} 3. d3 {[%clk 1:29:19]} Nf6 {[%clk 1:31:12]} 4. g3
{[%clk 1:28:52]} Bc5 {[%clk 1:29:00]} 5. Bg2 {[%clk 1:29:15]} d6 {[%clk 1:28:08]}
6. O-O {[%clk 1:29:41]} O-O {[%clk 1:28:06]} 7. Nbd2 {[%clk 1:30:07]} h6
{[%clk 1:21:31]} 8. c3 {[%clk 1:30:29]} Bb6 {[%clk 1:15:21]} 9. Nc4
{[%clk 1:29:16]} Be6 {[%clk 1:07:52]} 10. Nxb6 {[%clk 1:28:34]} axb6
{[%clk 1:08:02]} 11. b3 {[%clk 1:28:46]} Qd7 {[%clk 1:02:15]} 12. Bb2
{[%clk 1:28:45]} Bh3 {[%clk 0:59:58]} 13. Qe2 {[%clk 1:29:00]} Ne7
{[%clk 0:54:20]} 14. d4 {[%clk 1:23:24]} Ng6 {[%clk 0:51:41]} 15. Nd2
{[%clk 1:14:29]} Nh7 {[%clk 0:42:48]} 16. f4 {[%clk 1:01:35]} exf4
{[%clk 0:36:08]} 17. gxf4 {[%clk 1:01:53]} Bg4 {[%clk 0:28:52]} 18. Qf2
{[%clk 1:00:07]} f5 {[%clk 0:24:20]} 19. e5 {[%clk 0:58:22]} d5 {[%clk 0:21:17]}
20. c4 {[%clk 0:56:34]} c6 {[%clk 0:20:34]} 21. Rfc1 {[%clk 0:54:35]} Rfc8
{[%clk 0:20:11]} 22. Nf1 {[%clk 0:55:00]} Ne7 {[%clk 0:19:32]} 23. Ng3
{[%clk 0:55:08]} Qe8 {[%clk 0:18:50]} 24. cxd5 {[%clk 0:52:55]} cxd5
{[%clk 0:18:45]} 25. Rxc8 {[%clk 0:53:18]} Rxc8 {[%clk 0:18:26]} 26. h3
{[%clk 0:53:42]} Bh5 {[%clk 0:18:37]} 27. Nxh5 {[%clk 0:54:08]} Qxh5
{[%clk 0:18:30]} 28. Ba3 {[%clk 0:54:35]} Kf7 {[%clk 0:16:56]} 29. Kh2
{[%clk 0:46:01]} Rd8 {[%clk 0:10:28]} 30. Rc1 {[%clk 0:43:08]} Rd7
{[%clk 0:10:26]} 31. e6+ {[%clk 0:40:00]} Kxe6 {[%clk 0:10:41]} 32. Qe3+
{[%clk 0:40:10]} Kf7 {[%clk 0:10:26]} 33. Re1 {[%clk 0:39:35]} Qh4
{[%clk 0:09:50]} 34. Bxd5+ {[%clk 0:30:27]} Ke8 {[%clk 0:07:05]} 35. Be6
{[%clk 0:27:32]} Rc7 {[%clk 0:07:03]} 36. Bxf5 {[%clk 0:27:51]} Nf8
{[%clk 0:03:48]} 37. Bd6 {[%clk 0:19:16]} g6 {[%clk 0:02:40]} 38. Bxc7
{[%clk 0:19:18]} gxf5 {[%clk 0:03:00]} 39. Bd6 {[%clk 0:18:51]} Nfg6
{[%clk 0:03:20]} 40. Re2 {[%clk 0:44:41]} b5 {[%clk 0:33:09]} 41. d5
{[%clk 0:44:31]} Qf6 {[%clk 0:33:07]} 42. Qe6 {[%clk 0:43:53]} 1-0

[Event "Open A"]
[Site "Polanica-Zdroj"]
[Date "2017.08.20"]
[Round "2.11"]
[White "Sliwerski, Radoslaw"]
[Black "Garbowski, Jakub"]
[Result "0-1"]
[BlackElo "2185"]
[WhiteElo "2007"]
[LiveChessVersion "1.4.8"]

1. d4 Nf6 2. c4 g6 3. Nf3 Bg7 4. g3 c6 5. Nc3 d5 6. cxd5 cxd5 7. Bg2 O-O 8. Ne5
e6 9. O-O Nc6 10. f4 Nd7 11. Be3 Qb6 12. Qb3 Na5 13. Qxb6 Nxb6 14. b3 Bd7 15.
Rac1 Rfc8 16. Rc2 Nc6 17. Nxc6 Rxc6 18. Rfc1 Rac8 19. Kf2 Bf8 20. Bd2 Ba3 21. Re1
f5 22. e3 Na8 23. Ke2 b5 24. Kd3 a5 25. Bc1 Rxc3+ 0-1

[Event "Open A"]
[Site "Polanica-Zdroj"]
[Date "2017.08.20"]
[Round "2.12"]
[White "Malinowski, Damian"]
[Black "Korbal, Arkadiusz"]
[Result "1/2-1/2"]
[BlackElo "2159"]
[WhiteElo "2003"]
[LiveChessVersion "1.4.8"]

1. c4 {[%clk 1:30:55]} Nf6 {[%clk 1:30:38]} 2. Nc3 {[%clk 1:31:19]} e5
{[%clk 1:30:29]} 3. g3 {[%clk 1:31:08]} d5 {[%clk 1:29:50]} 4. cxd5
{[%clk 1:31:32]} Nxd5 {[%clk 1:30:12]} 5. Bg2 {[%clk 1:31:56]} Nb6
{[%clk 1:30:29]} 6. Nf3 {[%clk 1:32:02]} Nc6 {[%clk 1:30:34]} 7. O-O
{[%clk 1:32:00]} Be7 {[%clk 1:29:42]} 8. a3 {[%clk 1:32:03]} O-O {[%clk 1:27:37]}
9. b4 {[%clk 1:32:24]} Be6 {[%clk 1:27:33]} 10. Rb1 {[%clk 1:30:46]} f6
{[%clk 1:25:23]} 11. d3 {[%clk 1:28:41]} Qc8 {[%clk 1:14:11]} 12. Be3
{[%clk 1:23:08]} Rd8 {[%clk 1:11:46]} 13. Qc2 {[%clk 1:14:54]} Nd5
{[%clk 0:54:05]} 14. Nxd5 {[%clk 1:13:07]} Bxd5 {[%clk 0:54:26]} 15. Rfc1
{[%clk 1:08:04]} Qe6 {[%clk 0:51:01]} 16. Nd2 {[%clk 1:02:14]} Rac8
{[%clk 0:44:48]} 17. Bxd5 {[%clk 0:59:39]} Qxd5 {[%clk 0:44:46]} 18. Qc4
{[%clk 0:58:44]} a5 {[%clk 0:40:58]} 19. b5 {[%clk 0:52:44]} Nd4 {[%clk 0:37:04]}
20. Bxd4 {[%clk 0:50:44]} exd4 {[%clk 0:37:12]} 21. Qxd5+ {[%clk 0:46:09]} Rxd5
{[%clk 0:37:37]} 22. Nc4 {[%clk 0:44:55]} Ra8 {[%clk 0:36:12]} 23. a4
{[%clk 0:42:53]} Bb4 {[%clk 0:33:22]} 24. Rc2 {[%clk 0:39:09]} Re8
{[%clk 0:33:02]} 25. Rbc1 {[%clk 0:38:51]} Rd7 {[%clk 0:30:01]} 26. Nb2
{[%clk 0:36:43]} Ree7 {[%clk 0:28:29]} 27. Kf1 {[%clk 0:35:17]} Kf7
{[%clk 0:28:44]} 28. h3 {[%clk 0:34:53]} Ke8 {[%clk 0:27:48]} 29. Nc4
{[%clk 0:34:35]} Kd8 {[%clk 0:25:12]} 30. Nb6 {[%clk 0:28:08]} Rd6
{[%clk 0:24:50]} 31. Nc4 {[%clk 0:26:51]} Rde6 {[%clk 0:23:55]} 32. Rd1
{[%clk 0:23:09]} f5 {[%clk 0:21:36]} 33. e3 {[%clk 0:20:29]} g6 {[%clk 0:18:28]}
34. Kg2 {[%clk 0:16:14]} Rd7 {[%clk 0:17:58]} 35. Kf3 {[%clk 0:14:49]} dxe3
{[%clk 0:13:29]} 36. fxe3 {[%clk 0:14:57]} g5 {[%clk 0:10:17]} 37. d4
{[%clk 0:12:37]} b6 {[%clk 0:09:15]} 38. Rdc1 {[%clk 0:11:47]} Bd6
{[%clk 0:07:24]} 39. Nxd6 {[%clk 0:11:39]} Rexd6 {[%clk 0:07:47]} 40. Rc6
{[%clk 0:39:52]} h6 {[%clk 0:35:04]} 41. R1c4 {[%clk 0:38:35]} Kc8
{[%clk 0:31:46]} 42. Rxd6 {[%clk 0:37:47]} Rxd6 {[%clk 0:32:11]} 43. h4
{[%clk 0:28:56]} Kd7 {[%clk 0:31:11]} 44. hxg5 {[%clk 0:28:46]} hxg5
{[%clk 0:31:38]} 45. e4 {[%clk 0:25:49]} fxe4+ {[%clk 0:30:33]} 46. Kxe4
{[%clk 0:26:12]} Rf6 {[%clk 0:30:28]} 47. d5 {[%clk 0:21:00]} Rf1
{[%clk 0:28:16]} 48. Ke5 {[%clk 0:19:59]} Rb1 {[%clk 0:24:44]} 49. Rg4
{[%clk 0:15:45]} Rb4 {[%clk 0:24:24]} 50. Rxg5 {[%clk 0:16:04]} Rxa4
{[%clk 0:24:48]} 51. Rg7+ {[%clk 0:16:28]} Kc8 {[%clk 0:23:52]} 52. d6
{[%clk 0:16:35]} Rc4 {[%clk 0:21:35]} 53. Rg8+ {[%clk 0:12:31]} Kd7
{[%clk 0:21:34]} 54. Rg7+ {[%clk 0:12:37]} Kc8 {[%clk 0:21:50]} 55. Rg8+
{[%clk 0:09:03]} Kd7 {[%clk 0:22:13]} 56. Rg7+ {[%clk 0:09:14]} Kc8
{[%clk 0:22:37]} 57. Rg8+ {[%clk 0:08:55]} Kd7 {[%clk 0:21:26]} 1/2-1/2

[Event "Open A"]
[Site "Polanica-Zdroj"]
[Date "2017.08.21"]
[Round "3.1"]
[White "Garbowski, Jakub"]
[Black "Warakomski, Tomasz"]
[Result "0-1"]
[BlackElo "2536"]
[WhiteElo "2185"]
[LiveChessVersion "1.4.8"]

1. Nf3 {[%clk 1:30:57]} Nf6 {[%clk 1:27:09]} 2. g3 {[%clk 1:31:20]} d5
{[%clk 1:27:37]} 3. Bg2 {[%clk 1:31:42]} c6 {[%clk 1:28:03]} 4. c4
{[%clk 1:31:59]} dxc4 {[%clk 1:25:24]} 5. O-O {[%clk 1:32:04]} Nbd7
{[%clk 1:24:40]} 6. Qc2 {[%clk 1:31:34]} Nb6 {[%clk 1:23:32]} 7. a4
{[%clk 1:31:24]} a5 {[%clk 1:17:56]} 8. Na3 {[%clk 1:31:17]} Be6 {[%clk 1:00:52]}
9. Ng5 {[%clk 1:29:31]} Qd7 {[%clk 0:50:18]} 10. Nxe6 {[%clk 1:24:52]} Qxe6
{[%clk 0:50:42]} 11. d3 {[%clk 1:25:09]} cxd3 {[%clk 0:51:01]} 12. Qxd3
{[%clk 1:24:28]} Qd6 {[%clk 0:39:47]} 13. Qc2 {[%clk 1:21:13]} e6
{[%clk 0:37:06]} 14. Be3 {[%clk 1:16:47]} Nbd5 {[%clk 0:33:04]} 15. Nc4
{[%clk 1:14:29]} Qb8 {[%clk 0:26:47]} 16. Bd4 {[%clk 1:12:32]} Be7
{[%clk 0:26:08]} 17. Be5 {[%clk 1:12:10]} Qa7 {[%clk 0:26:34]} 18. Nd6+
{[%clk 1:08:56]} Bxd6 {[%clk 0:27:00]} 19. Bxd6 {[%clk 1:09:19]} Rd8
{[%clk 0:27:26]} 20. Bc5 {[%clk 1:08:44]} b6 {[%clk 0:27:50]} 21. Bd4
{[%clk 1:04:55]} c5 {[%clk 0:27:23]} 22. Bxd5 {[%clk 0:57:15]} exd5
{[%clk 0:19:48]} 23. Bxf6 {[%clk 0:50:23]} gxf6 {[%clk 0:20:13]} 24. Rad1
{[%clk 0:50:33]} Qe7 {[%clk 0:16:22]} 25. Qb3 {[%clk 0:47:36]} Qe6
{[%clk 0:16:35]} 26. Rd3 {[%clk 0:44:37]} O-O {[%clk 0:16:27]} 27. Re3
{[%clk 0:43:57]} Qc6 {[%clk 0:16:50]} 28. Rd1 {[%clk 0:42:11]} d4
{[%clk 0:15:49]} 29. Rf3 {[%clk 0:41:30]} c4 {[%clk 0:15:03]} 30. Qc2
{[%clk 0:39:18]} d3 {[%clk 0:12:25]} 31. Qd2 {[%clk 0:37:27]} dxe2
{[%clk 0:11:51]} 32. Qxe2 {[%clk 0:37:50]} Qxa4 {[%clk 0:12:07]} 33. Rxd8
{[%clk 0:36:30]} Rxd8 {[%clk 0:12:31]} 34. Rxf6 {[%clk 0:36:54]} Qd1+
{[%clk 0:12:41]} 35. Qxd1 {[%clk 0:37:18]} Rxd1+ {[%clk 0:13:07]} 36. Kg2
{[%clk 0:37:43]} Rb1 {[%clk 0:13:30]} 37. Rxb6 {[%clk 0:37:35]} c3
{[%clk 0:13:55]} 0-1

[Event "Open A"]
[Site "Polanica-Zdroj"]
[Date "2017.08.21"]
[Round "3.2"]
[White "Cyborowski, Lukasz"]
[Black "Bilczewski, Kacper"]
[Result "1-0"]
[BlackElo "2191"]
[WhiteElo "2532"]
[LiveChessVersion "1.4.8"]

1. c4 {[%clk 1:30:55]} c6 {[%clk 1:30:38]} 2. Nf3 {[%clk 1:29:35]} d5
{[%clk 1:31:04]} 3. d4 {[%clk 1:30:00]} Nf6 {[%clk 1:31:30]} 4. e3
{[%clk 1:30:26]} e6 {[%clk 1:31:50]} 5. Nbd2 {[%clk 1:30:24]} Nbd7
{[%clk 1:31:58]} 6. Bd3 {[%clk 1:30:31]} Bd6 {[%clk 1:32:24]} 7. O-O
{[%clk 1:30:41]} O-O {[%clk 1:32:44]} 8. e4 {[%clk 1:30:55]} dxe4
{[%clk 1:32:59]} 9. Nxe4 {[%clk 1:31:20]} Nxe4 {[%clk 1:33:18]} 10. Bxe4
{[%clk 1:31:45]} h6 {[%clk 1:33:45]} 11. Bc2 {[%clk 1:32:02]} e5 {[%clk 1:33:20]}
12. Re1 {[%clk 1:32:26]} exd4 {[%clk 1:33:23]} 13. Qxd4 {[%clk 1:30:12]} Bc5
{[%clk 1:33:48]} 14. Qf4 {[%clk 1:28:45]} Nf6 {[%clk 1:31:13]} 15. h3
{[%clk 1:26:07]} Be6 {[%clk 1:27:17]} 16. b3 {[%clk 1:20:32]} Qb6
{[%clk 1:04:55]} 17. Qh4 {[%clk 1:12:51]} Rae8 {[%clk 0:56:52]} 18. Kf1
{[%clk 1:02:46]} Bd7 {[%clk 0:36:58]} 19. Bxh6 {[%clk 0:54:49]} gxh6
{[%clk 0:27:38]} 20. Qxf6 {[%clk 0:51:00]} Qd8 {[%clk 0:26:40]} 21. Qxh6
{[%clk 0:50:35]} f5 {[%clk 0:27:06]} 22. Qg6+ {[%clk 0:46:18]} Kh8
{[%clk 0:27:28]} 23. Ng5 {[%clk 0:46:40]} 1-0

[Event "Open A"]
[Site "Polanica-Zdroj"]
[Date "2017.08.21"]
[Round "3.3"]
[White "Psyk, Radoslaw"]
[Black "Shishkin, Vadim"]
[Result "0-1"]
[BlackElo "2454"]
[WhiteElo "2132"]
[LiveChessVersion "1.4.8"]

1. e4 {[%clk 1:30:53]} c5 {[%clk 1:30:56]} 2. Nf3 {[%clk 1:31:11]} Nc6
{[%clk 1:31:19]} 3. Bb5 {[%clk 1:31:23]} g6 {[%clk 1:31:33]} 4. Bxc6
{[%clk 1:31:45]} dxc6 {[%clk 1:31:44]} 5. h3 {[%clk 1:31:36]} Bg7
{[%clk 1:32:08]} 6. d3 {[%clk 1:32:00]} b6 {[%clk 1:32:27]} 7. Nc3
{[%clk 1:31:04]} Nh6 {[%clk 1:32:34]} 8. Be3 {[%clk 1:31:05]} f6 {[%clk 1:32:58]}
9. Qd2 {[%clk 1:31:26]} Nf7 {[%clk 1:33:21]} 10. O-O-O {[%clk 1:31:24]} e5
{[%clk 1:32:52]} 11. Nh2 {[%clk 1:31:43]} Be6 {[%clk 1:30:03]} 12. f4
{[%clk 1:32:05]} Qe7 {[%clk 0:59:12]} 13. Nf3 {[%clk 1:21:26]} exf4
{[%clk 0:59:15]} 14. Bxf4 {[%clk 1:19:27]} O-O-O {[%clk 0:59:00]} 15. Rhe1
{[%clk 1:16:57]} Kb7 {[%clk 0:57:15]} 16. e5 {[%clk 0:50:48]} f5 {[%clk 0:55:32]}
17. Qe3 {[%clk 0:49:32]} h6 {[%clk 0:39:36]} 18. h4 {[%clk 0:45:15]} Rd7
{[%clk 0:39:40]} 19. Kb1 {[%clk 0:38:07]} Rhd8 {[%clk 0:36:50]} 20. Ne2
{[%clk 0:31:52]} Bd5 {[%clk 0:32:49]} 21. Nc3 {[%clk 0:24:12]} Bxf3
{[%clk 0:16:39]} 22. Qxf3 {[%clk 0:22:07]} Qe6 {[%clk 0:16:45]} 23. Qg3
{[%clk 0:18:18]} Re8 {[%clk 0:15:32]} 24. Re2 {[%clk 0:17:39]} Rd4
{[%clk 0:11:56]} 25. Qh2 {[%clk 0:14:22]} g5 {[%clk 0:10:26]} 26. hxg5
{[%clk 0:14:35]} hxg5 {[%clk 0:10:55]} 27. Qh7 {[%clk 0:11:23]} Bh6
{[%clk 0:10:14]} 28. Rh1 {[%clk 0:11:52]} Rxf4 {[%clk 0:09:40]} 29. g3
{[%clk 0:09:16]} Rf3 {[%clk 0:10:07]} 30. b3 {[%clk 0:08:24]} Re7
{[%clk 0:07:07]} 31. g4 {[%clk 0:05:33]} fxg4 {[%clk 0:03:16]} 32. Ne4
{[%clk 0:04:38]} Rh3 {[%clk 0:03:43]} 33. Rf1 {[%clk 0:04:06]} Nxe5
{[%clk 0:03:14]} 34. Qh8 {[%clk 0:04:24]} Bg7 {[%clk 0:02:33]} 35. Qd8
{[%clk 0:04:49]} Qd7 {[%clk 0:01:37]} 36. Nd6+ {[%clk 0:04:48]} Ka6
{[%clk 0:02:03]} 37. Re4 {[%clk 0:05:09]} c4 {[%clk 0:01:40]} 38. Qg8
{[%clk 0:03:18]} Qxd6 {[%clk 0:01:33]} 39. Qc8+ {[%clk 0:03:33]} Rb7
{[%clk 0:01:31]} 40. dxc4 {[%clk 0:30:50]} Rf3 {[%clk 0:31:17]} 0-1

[Event "Open A"]
[Site "Polanica-Zdroj"]
[Date "2017.08.21"]
[Round "3.4"]
[White "Kucza, Karol"]
[Black "Faron, Rafal"]
[Result "1-0"]
[BlackElo "2106"]
[WhiteElo "2320"]
[LiveChessVersion "1.4.8"]

1. e4 d6 2. d4 Nf6 3. Nc3 e5 4. dxe5 {[%clk 1:30:41]} dxe5 {[%clk 1:32:07]} 5.
Qxd8+ {[%clk 1:31:07]} Kxd8 {[%clk 1:32:32]} 6. Bc4 {[%clk 1:31:29]} Ke8
{[%clk 1:32:58]} 7. Nf3 {[%clk 1:25:49]} Bd6 {[%clk 1:28:10]} 8. Bg5
{[%clk 1:18:44]} Nbd7 {[%clk 1:24:02]} 9. O-O-O {[%clk 1:15:07]} a6
{[%clk 1:24:11]} 10. Nd2 {[%clk 1:12:14]} h6 {[%clk 1:14:07]} 11. Bh4
{[%clk 1:12:03]} b5 {[%clk 1:09:59]} 12. Be2 {[%clk 1:11:09]} Bb7
{[%clk 1:07:07]} 13. f3 {[%clk 1:10:39]} g5 {[%clk 0:51:34]} 14. Be1
{[%clk 1:07:40]} Nc5 {[%clk 0:44:44]} 15. Bf2 {[%clk 1:05:18]} Rd8
{[%clk 0:34:39]} 16. a3 {[%clk 0:57:43]} Ne6 {[%clk 0:28:14]} 17. Nb3
{[%clk 0:57:43]} Nf4 {[%clk 0:20:18]} 18. Bf1 {[%clk 0:56:59]} Ke7
{[%clk 0:19:21]} 19. Na2 {[%clk 0:53:05]} Ne6 {[%clk 0:18:15]} 20. Nb4
{[%clk 0:47:35]} c6 {[%clk 0:11:03]} 21. Na5 {[%clk 0:43:54]} Bxb4
{[%clk 0:11:24]} 22. axb4 {[%clk 0:41:56]} Rxd1+ {[%clk 0:11:30]} 23. Kxd1
{[%clk 0:42:20]} Ba8 {[%clk 0:11:44]} 24. c3 {[%clk 0:41:56]} Rd8+
{[%clk 0:10:14]} 25. Kc2 {[%clk 0:41:09]} g4 {[%clk 0:09:16]} 26. Nb3
{[%clk 0:41:16]} Bb7 {[%clk 0:08:57]} 27. Nc5 {[%clk 0:41:05]} Nxc5
{[%clk 0:08:53]} 28. Bxc5+ {[%clk 0:41:18]} Ke8 {[%clk 0:09:01]} 29. Rg1
{[%clk 0:37:11]} Bc8 {[%clk 0:09:03]} 30. Be3 {[%clk 0:37:17]} h5
{[%clk 0:08:23]} 31. Be2 {[%clk 0:36:19]} Ke7 {[%clk 0:08:10]} 32. Bc5+
{[%clk 0:36:28]} Ke6 {[%clk 0:07:04]} 33. Rd1 {[%clk 0:32:26]} Rxd1
{[%clk 0:07:07]} 34. Bxd1 {[%clk 0:32:54]} Kd7 {[%clk 0:05:46]} 35. Bf2
{[%clk 0:32:45]} gxf3 {[%clk 0:04:30]} 36. gxf3 {[%clk 0:32:48]} Nh7
{[%clk 0:02:02]} 37. Kd3 {[%clk 0:31:20]} f6 {[%clk 0:00:43]} 38. f4
{[%clk 0:30:16]} Ke7 {[%clk 0:00:40]} 39. fxe5 {[%clk 0:30:12]} fxe5
{[%clk 0:00:59]} 40. Bxh5 {[%clk 1:00:08]} Bh3 {[%clk 0:30:48]} 41. Bh4+
{[%clk 0:59:48]} Kd7 {[%clk 0:28:49]} 42. Bg6 {[%clk 0:56:55]} 1-0

[Event "Open A"]
[Site "Polanica-Zdroj"]
[Date "2017.08.21"]
[Round "3.5"]
[White "Kukula, Pawel"]
[Black "Zielinski, Wojciech"]
[Result "0-1"]
[BlackElo "2105"]
[WhiteElo "2224"]
[LiveChessVersion "1.4.8"]

1. d4 {[%clk 1:30:54]} Nf6 {[%clk 1:30:51]} 2. c4 {[%clk 1:31:17]} e6
{[%clk 1:31:14]} 3. Nc3 {[%clk 1:30:46]} d5 {[%clk 1:31:36]} 4. cxd5
{[%clk 1:30:28]} exd5 {[%clk 1:32:02]} 5. Bg5 {[%clk 1:30:48]} Be7
{[%clk 1:32:19]} 6. Qc2 {[%clk 1:31:12]} h6 {[%clk 1:31:19]} 7. Bxf6
{[%clk 1:27:05]} Bxf6 {[%clk 1:31:37]} 8. e3 {[%clk 1:27:30]} O-O
{[%clk 1:31:29]} 9. Bd3 {[%clk 1:27:47]} Re8 {[%clk 1:30:23]} 10. Nge2
{[%clk 1:22:47]} c6 {[%clk 1:23:25]} 11. O-O {[%clk 1:22:55]} Nd7
{[%clk 1:22:22]} 12. b4 {[%clk 1:23:05]} a6 {[%clk 1:20:36]} 13. a4
{[%clk 1:18:46]} Nb6 {[%clk 1:16:45]} 14. b5 {[%clk 1:15:00]} axb5
{[%clk 1:16:27]} 15. axb5 {[%clk 1:15:26]} Bd7 {[%clk 1:10:59]} 16. Rxa8
{[%clk 1:13:17]} Qxa8 {[%clk 1:10:52]} 17. bxc6 {[%clk 1:12:13]} Bxc6
{[%clk 1:10:38]} 18. Qb3 {[%clk 1:10:15]} Nc4 {[%clk 1:05:36]} 19. Bxc4
{[%clk 0:47:37]} dxc4 {[%clk 1:05:32]} 20. Qxc4 {[%clk 0:48:03]} b5
{[%clk 1:05:37]} 21. Qa2 {[%clk 0:48:27]} b4 {[%clk 1:02:45]} 22. Qxa8
{[%clk 0:46:39]} Rxa8 {[%clk 1:03:10]} 23. Nb1 {[%clk 0:46:43]} Bb5
{[%clk 1:00:51]} 24. Re1 {[%clk 0:47:07]} Ra1 {[%clk 1:00:21]} 25. Kf1
{[%clk 0:47:33]} Ra2 {[%clk 1:00:06]} 26. f4 {[%clk 0:36:10]} Rb2
{[%clk 0:59:36]} 27. Kf2 {[%clk 0:36:01]} Bxe2 {[%clk 0:59:01]} 28. Rxe2
{[%clk 0:36:27]} Rxb1 {[%clk 0:59:26]} 29. Rc2 {[%clk 0:36:47]} b3
{[%clk 0:59:04]} 30. Rc8+ {[%clk 0:37:14]} Kh7 {[%clk 0:59:27]} 31. Rb8
{[%clk 0:37:14]} b2 {[%clk 0:58:31]} 0-1

[Event "Open A"]
[Site "Polanica-Zdroj"]
[Date "2017.08.21"]
[Round "3.6"]
[White "Voloshin, Leonid"]
[Black "Fus, Jakub"]
[Result "1/2-1/2"]
[BlackElo "2127"]
[WhiteElo "2369"]
[LiveChessVersion "1.4.8"]

1. c4 {[%clk 1:30:56]} Nf6 {[%clk 1:30:42]} 2. d4 {[%clk 1:30:55]} g6
{[%clk 1:30:50]} 3. Nc3 {[%clk 1:31:11]} Bg7 {[%clk 1:31:05]} 4. e4
{[%clk 1:30:40]} d6 {[%clk 1:31:21]} 5. Bd3 {[%clk 1:30:49]} O-O {[%clk 1:31:25]}
6. Nge2 {[%clk 1:31:05]} c5 {[%clk 1:29:54]} 7. d5 {[%clk 1:30:48]} e6
{[%clk 1:27:30]} 8. O-O {[%clk 1:27:12]} exd5 {[%clk 1:27:02]} 9. cxd5
{[%clk 1:27:32]} a6 {[%clk 1:17:38]} 10. a4 {[%clk 1:27:46]} Nbd7
{[%clk 1:17:30]} 11. Ng3 {[%clk 1:25:25]} Rb8 {[%clk 1:11:51]} 12. h3
{[%clk 1:19:56]} Qc7 {[%clk 1:07:07]} 13. a5 {[%clk 1:11:09]} Re8
{[%clk 0:53:56]} 14. Re1 {[%clk 1:08:06]} b5 {[%clk 0:45:18]} 15. axb6
{[%clk 1:08:00]} Nxb6 {[%clk 0:45:16]} 16. Ra2 {[%clk 0:52:31]} c4
{[%clk 0:43:47]} 17. Bc2 {[%clk 0:50:23]} Nfd7 {[%clk 0:40:11]} 18. Be3
{[%clk 0:38:06]} Nc5 {[%clk 0:34:47]} 19. Nge2 {[%clk 0:34:50]} Nd3
{[%clk 0:26:44]} 20. Bxd3 {[%clk 0:27:56]} cxd3 {[%clk 0:26:59]} 21. Qxd3
{[%clk 0:28:12]} Nc4 {[%clk 0:26:04]} 22. Bd4 {[%clk 0:21:52]} Nxb2
{[%clk 0:20:20]} 23. Qc2 {[%clk 0:21:42]} Bxd4 {[%clk 0:20:20]} 24. Nxd4
{[%clk 0:21:16]} Qc4 {[%clk 0:20:10]} 25. Rxb2 {[%clk 0:10:38]} Rxb2
{[%clk 0:20:19]} 26. Qxb2 {[%clk 0:11:06]} Qxd4 {[%clk 0:20:37]} 27. Rd1
{[%clk 0:11:01]} Qe5 {[%clk 0:17:34]} 28. Qd2 {[%clk 0:11:09]} Bd7
{[%clk 0:16:44]} 29. f4 {[%clk 0:10:31]} Qf6 {[%clk 0:15:37]} 30. Re1
{[%clk 0:07:02]} Kh8 {[%clk 0:07:31]} 31. Qe3 {[%clk 0:06:59]} g5
{[%clk 0:03:26]} 32. fxg5 {[%clk 0:06:47]} Qe5 {[%clk 0:03:30]} 33. Rf1
{[%clk 0:05:52]} Rc8 {[%clk 0:03:27]} 34. Nd1 {[%clk 0:02:19]} Rc4
{[%clk 0:01:44]} 35. Re1 {[%clk 0:01:00]} Qd4 {[%clk 0:00:35]} 36. Qxd4+
{[%clk 0:01:13]} Rxd4 {[%clk 0:01:03]} 37. Nf2 {[%clk 0:00:51]} a5
{[%clk 0:01:25]} 38. Rb1 {[%clk 0:01:00]} Rb4 {[%clk 0:01:02]} 39. Rc1
{[%clk 0:00:54]} a4 {[%clk 0:01:14]} 40. Nd3 {[%clk 0:30:38]} Rxe4
{[%clk 0:30:48]} 41. Rc7 {[%clk 0:27:46]} Bb5 {[%clk 0:30:19]} 42. Nf2
{[%clk 0:28:14]} Re1+ {[%clk 0:24:45]} 43. Kh2 {[%clk 0:27:31]} a3
{[%clk 0:19:05]} 44. Ra7 {[%clk 0:24:19]} Re5 {[%clk 0:07:19]} 45. Ng4 Rxg5 46.
Ne3 1/2-1/2

[Event "Open A"]
[Site "Polanica-Zdroj"]
[Date "2017.08.21"]
[Round "3.7"]
[White "Mammadov, Vafa"]
[Black "Goluch, Piotr"]
[Result "0-1"]
[BlackElo "2360"]
[WhiteElo "2066"]
[LiveChessVersion "1.4.8"]

1. c4 {[%clk 1:30:48]} Nf6 {[%clk 1:30:41]} 2. g3 {[%clk 1:30:48]} g6
{[%clk 1:31:04]} 3. Bg2 {[%clk 1:31:10]} Bg7 {[%clk 1:31:28]} 4. e4
{[%clk 1:31:12]} O-O {[%clk 1:31:33]} 5. Ne2 {[%clk 1:29:24]} Nc6
{[%clk 1:30:41]} 6. O-O {[%clk 1:27:48]} e5 {[%clk 1:28:41]} 7. d3
{[%clk 1:26:54]} a6 {[%clk 1:28:06]} 8. Nbc3 {[%clk 1:26:34]} b5 {[%clk 1:28:16]}
9. h3 {[%clk 1:17:47]} Rb8 {[%clk 1:20:10]} 10. cxb5 {[%clk 1:06:21]} axb5
{[%clk 1:20:36]} 11. Bg5 {[%clk 1:06:36]} h6 {[%clk 1:20:53]} 12. Be3
{[%clk 1:06:59]} d6 {[%clk 1:17:40]} 13. Qd2 {[%clk 1:00:36]} Kh7
{[%clk 1:17:52]} 14. Rac1 {[%clk 0:52:48]} Bd7 {[%clk 1:17:51]} 15. f4
{[%clk 0:50:38]} exf4 {[%clk 1:15:48]} 16. gxf4 {[%clk 0:50:57]} Ne7
{[%clk 1:09:00]} 17. Ng3 {[%clk 0:47:53]} b4 {[%clk 1:03:31]} 18. Nce2
{[%clk 0:47:32]} Bb5 {[%clk 1:03:51]} 19. Nd4 {[%clk 0:47:23]} Ba6
{[%clk 0:59:43]} 20. f5 {[%clk 0:44:30]} Qd7 {[%clk 0:59:47]} 21. fxg6+
{[%clk 0:42:24]} fxg6 {[%clk 1:00:07]} 22. Rf2 {[%clk 0:33:01]} c5
{[%clk 0:56:08]} 23. Nf3 {[%clk 0:32:05]} Qe6 {[%clk 0:53:03]} 24. b3
{[%clk 0:32:17]} Nd7 {[%clk 0:53:11]} 25. d4 {[%clk 0:32:19]} cxd4
{[%clk 0:50:39]} 26. Nxd4 {[%clk 0:31:53]} Qe5 {[%clk 0:48:47]} 27. Nde2
{[%clk 0:31:43]} Rxf2 {[%clk 0:49:10]} 28. Bxf2 {[%clk 0:32:04]} Qf6
{[%clk 0:42:09]} 29. Bd4 {[%clk 0:27:38]} Ne5 {[%clk 0:40:51]} 30. Rf1
{[%clk 0:27:52]} Qe6 {[%clk 0:40:32]} 31. Nf4 {[%clk 0:25:03]} Qd7
{[%clk 0:38:20]} 32. Nfe2 {[%clk 0:24:28]} N7c6 {[%clk 0:38:10]} 33. Be3
{[%clk 0:23:41]} Qe7 {[%clk 0:34:58]} 34. Qd5 {[%clk 0:15:16]} Bd3
{[%clk 0:32:07]} 35. Rd1 {[%clk 0:10:35]} Rb5 {[%clk 0:32:31]} 36. Rxd3
{[%clk 0:10:54]} Rxd5 {[%clk 0:32:58]} 37. Rxd5 {[%clk 0:11:17]} h5
{[%clk 0:33:20]} 38. Rd1 {[%clk 0:08:37]} Bh6 {[%clk 0:33:43]} 39. Bxh6
{[%clk 0:08:39]} Kxh6 {[%clk 0:34:10]} 40. Nd4 {[%clk 0:33:45]} Nxd4
{[%clk 1:02:54]} 41. Rxd4 {[%clk 0:34:09]} Qa7 {[%clk 1:03:22]} 0-1